Elektrotechnické meracie prístroje a systémy

Salvato in:
Dettagli Bibliografici
Autore principale: Steiner, Vladimír (Autore)
Natura: Libro
Lingua:slovacco
Pubblicazione: Bratislava : STU v Bratislave, 2001
Edizione:2. vyd.
Tags: Aggiungi Tag
Nessun Tag, puoi essere il primo ad aggiungerne!!

MARC

LEADER 00000nam a22000003a 4500
001 stu77921
005 20150617225641.9
008 021112s2001----xo------------------slo-d
020 |a 80-227-1467-4 
040 |a STU  |b slo 
041 0 |a slo 
044 |a xo 
080 |a 621.3  |7 stu_us_auth*stu8325 
100 1 |a Steiner, Vladimír  |4 aut 
245 1 |a Elektrotechnické meracie prístroje a systémy 
250 |a 2. vyd. 
260 |a Bratislava :  |b STU v Bratislave,  |c 2001 
300 |a 86 
996 |b 284J006712  |c J*99209  |l JJK1  |s P  |a 0  |w stu77921_0001